Statistics for Try scorers of the England rugby union team. (2020 - …)

Click here to take the quiz!

General Stats

  • This quiz has been taken 50 times
    (32 since last reset)
  • The average score is 17 of 31

Answer Stats

TriesPlayersPosition% Correct
5Marcus SmithFly-half
96%
1George FordFly-half
87%
8Jonny MayWing
83%
2Maro ItojeLock
83%
5Anthony WatsonWing
78%
6Ben YoungsScrum-half
78%
8Jamie GeorgeHooker
78%
1Billy VunipolaNumber 8
74%
1Mako VunipolaProp
74%
5Elliot DalyFullback
70%
3Ellis GengeProp
70%
4Freddie StewardFullback
70%
2Luke Cowan-DickieHooker
65%
2Manu TuilagiCentre
65%
2Henry SladeCentre
61%
1Jonny HillLock
61%
1Kyle SincklerProp
57%
1Sam UnderhillFlanker
57%
1Tom CurryFlanker
57%
1Henry ArundellFullback
43%
1Alex DombrandtNumber 8
39%
2Jack WillisFlanker
30%
4Joe CokanasigaWing
30%
1Ollie LawrenceCentre
30%
1Rafi QuirkeScrum-half
30%
1Alexander MitchellScrum-half
22%
1Harry RandallScrum-half
22%
1Jack Van PoortvlietScrum-half
17%
6Jamie BlamireHooker
17%
4Adam RadwanWing
13%
1Dan RobsonScrum-half
0%

Score Distribution

Percentile by Number Answered

Percent of People with Each Score

Your Score History

You have not taken this quiz since the last reset